000 00650nam a2200181Ia 4500
003 GCL
008 140319s9999 xx 000 0 ara d
040 _aGCL /
_cGCL
082 0 4 _a382.9143
_bه س
100 1 _aهوهنفلد، سيدل
245 1 0 _aالسوق الاوربيه المشتركة /
_cهوهنفلد، سيدل
260 _aالقاهرة :
_bمؤسسة الاهرام ،
_c1965
300 _a64 ص ؛
_c19سم
650 0 4 _aالسوق الاوربية المشتركة
650 0 4 _aاوربا - الاحوال الاقتصادية
650 0 4 _aالمنظمات الدولية - السوق الاوربيه
942 _2ddc
_cBK
999 _c47200
_d47200